Bedfordshire A-Z - Statistics

General Stats
  • This quiz has been taken 68 times
    48 since last reset
  • The average score is 12 of 24
Answer Stats
Hint Answer % Correct
L Largest town Luton
89%
B Third-largest town Leighton {Buzzard}
86%
N Bordering county Northamptonshire
86%
H Clothing L was famous for manufacturing Hats
83%
A L is home to an ______ that serves London Airport
81%
V Car company based in L Vauxhall
81%
I Bedford is home to the largest concentration of people of _____ descent in the UK Italian
64%
K Stadium home to L Town F.C. Kenilworth Road
64%
R People whose name for D was Durocobrivis Romans
58%
D Town with a famous priory Dunstable
53%
F Fourth-largest town Flitwick
53%
W Stately home; seat of the Dukes of Bedford Woburn Abbey
50%
J Granola and cereal bar makers based in Biggleswade Jordans
44%
G River that flows through Bedford Great Ouse
39%
M Village home to a church with a detached tower Marston {Moreteyne}
39%
O Mercian king who was buried in Bedford in 796 Offa
36%
T Type of vehicle invented in Biggleswade Tractor
33%
U Foreign military branch that could be found at Chicksands and Thurleigh in the 1940s USAAF
31%
S Estate home to gardens and an aircraft collection Shuttleworth
28%
C Pastry dish with a sweet end and a savoury end Bedfordshire {clanger}
22%
P Christian sect who believed Bedford was the site of the Garden of Eden {Panacea} Society
19%
E Riverside area of Bedford; home to a suspension footbridge The Embankment
19%
Y Northern village home to a Norman motte and bailey castle Yelden
8%
Q Theatre; home to the "Bedfringe" festival The Quarry
6%
No matching quizzes found
Score Distribution
Percent of People with Each Score
Percentile by Number Answered
Your Score History
You have not taken this quiz since the last reset